Normal view
MARC view
- Black,J. T
Entry Personal Name
001 - CONTROL NUMBER
- control field: 81191
003 - CONTROL NUMBER IDENTIFIER
- control field: NUST
005 - DATE AND TIME OF LATEST TRANSACTION
- control field: 20210804113505.0
008 - FIXED-LENGTH DATA ELEMENTS
- fixed length control field: 210804|| aca||aabn | a|a d
040 ## - CATALOGING SOURCE
- Original cataloging agency: NUST
- Transcribing agency: NUST
100 ## - HEADING--PERSONAL NAME
- Personal name: Black,J. T
670 ## - SOURCE DATA FOUND
- Source citation: Work cat.: (NUST): Black,J. T., DeGarmo's Materials And Processes in Manufacturing \, 2018.
